Piłka nożna - dwaj piłkarze - wspólny klub #2 - Statystyki

Ogólne statystyki
  • Ten quiz został rozwiązany 166 razy
  • Średni wynik to 12 z 15
Statystyki odpowiedzi
zawodnicy klub % Poprawnych
Kylian Mbappe i Kamil Glik AS Monaco
100%
Kaka i Cafu AC Milan
94%
Zinedine Zidane i Filippo Inzaghi Juventus FC
89%
Dan Burn i Alexander Isak Newcastle United
89%
Cristiano Ronaldo i Ricardo Quaresma Sporting CP
87%
Jesus Navas i Sergio Ramos Sevilla FC
83%
Fabio Cannavaro i Gianluigi Buffon Parma Calcio 1913
81%
Alexandre Lacazette i Shkodran Mustafi Arsenal FC
80%
Fabio Quagiarella i Bartosz Bereszyński UC Sampdoria
80%
Fernando Hierro i Julen Lopetegui Real Madryt
78%
Daniel Sturridge i Lucas Leiva Liverpool FC
77%
David de Gea i Sergio Aguero Atletico Madryt
72%
Luis Figo i Mario Balotelli Inter Mediolan
70%
Ander Herrera i Victor Valdes Manchester United
68%
Ronaldo Nazario i Jaap Stam PSV Eindhoven
58%
Nie znaleziono quizów pasujących do podanych kryteriów
Rozkład punktacji
Procent ludzi z każdym wynikiem
Percentyl według liczby udzielonych odpowiedzi
Twoja historia wyników
Nie rozwiązałeś tego quizu